000 00393nam a2200145 i 4500
001 62387
003 ES-MaACL
007 t|
008 031120s1922 sp ||||1| spa d
100 1 _aFenoll, Lorenzo.
_949256
245 1 0 _aOlimpiadas culturales /
_cLorenzo Fenoll.
260 _aBarcelona :
_b[s.n.,
_c1922] (
_fDomingo Clarasó)
300 _a173 p. ;
_c19 cm.
852 _aES-MaACL
_jG-3223
999 _c62387
_d62387